000 00499nam a2200169Ia 4500
999 _c21603
_d21603
003 OSt
005 20200615100331.0
008 190216s9999||||xx |||||||||||||| ||und||
020 _a9788126146499
040 _coclc
082 _a305.8
_bTAB/E
100 _aTabassum, Henna
_92674
245 0 _aEncyclopaedia Of Social Anthropology /
_cHenna Tabassum
260 _bAnmol Publications,
_c2011.
_aNew Delhi:
300 _a296p
942 _cBK
_2ddc
_h305.8
_iTAB/E
_k305.8
_mTAB/E